=LDR 00000nam 2200000 4500 =001 INLIS000000000029992 =005 20260519041651 =035 ##$$a 0010-061300000029992 =008 260519################g##########0#ind## =041 ##$$a ind =082 ##$$a 344.063 =090 ##$$a 344.063, ERW h =100 1#$$a Erwin, Rudy T =245 1#$$a Himpunan peraturan-peraturan perumahan dan sewa menyewa /$c Rudy T. Erwin, J.T. Prasetyo =260 ##$$a Jakarta :$b Aksara Baru,$c 1972 =300 ##$$a xiii, 168 hlm. ; $c 21 cm =650 #4$$a Perumahan =650 #4$$a Undang-undang dan peraturan =700 1#$$a Prasetyo, J.T =850 ##$$a NBPNMAT =084 ##$$a 344.063 ERW h =990 ##$$a 144.668/Pro.97